书目信息 |
| 题名: |
激光喇曼光谱学
|
|
| 作者: | 郑顺旋 编著 | |
| 分册: | ||
| 出版信息: | 上海 上海科学技术出版社 1985.6 |
|
| 页数: | 285页 | |
| 开本: | 20cm | |
| 丛书名: | ||
| 单 册: | ||
| 中图分类: | O433.5 | |
| 科图分类: | ||
| 主题词: | 光学 | |
| 电子资源: | ||
| ISBN: | ||
| 000 | 00543nam0 2200193 45 | |
| 001 | 0312221749 | |
| 005 | 20031222171120.4 | |
| 010 | @dCNY1.90 | |
| 100 | @a20031222d1985 km y0chiy0120 ea | |
| 101 | @achi | |
| 105 | @a z 000yy | |
| 200 | 1 | @a激光喇曼光谱学@AJi Guang La Man Guang Pu Xue@f郑顺旋编著@FZheng Shun Xuan Bian Zhu |
| 210 | @a上海@c上海科学技术出版社@d1985.6 | |
| 215 | @a285页@d20cm | |
| 606 | 0 | @a光学 |
| 690 | @aO433.5@v3 | |
| 701 | 0 | @a郑顺旋@4编著 |
| 801 | @aCN@bTSTCL@c20031222 | |
| 905 | @a213230@dO433.5@e44@b141443-444@f2 | |
| 激光喇曼光谱学/郑顺旋编著.-上海:上海科学技术出版社,1985.6 |
| 285页;20cm |
| ISBN :CNY1.90 |
| ● |
| 相关链接 |
|
|
|
|
正题名:激光喇曼光谱学
索取号:O433.5/44
 
预约/预借
| 序号 | 登录号 | 条形码 | 馆藏地/架位号 | 状态 | 备注 |
| 1 | 0141443 | 001462795 | 第三借阅区/ [索取号:O433.5/44] | 在馆 | |
| 2 | 0141444 | 001462802 | 第三借阅区/ [索取号:O433.5/44] | 在馆 | |
| 3 | 0141445 | 202098256 | 第二样本阅览室/ [索取号:O433.5/44] | 在馆 |